| 000 | 00812nam a22002297a 4500 | ||
|---|---|---|---|
| 999 |
_c63764 _d63764 |
||
| 005 | 20240530110657.0 | ||
| 008 | 171224s2016 ua a g b 000 0 ara d | ||
| 017 |
_a2015/9055 _bمصر. دار الكتب |
||
| 020 | _a9789770530108 | ||
| 040 |
_aEG-CaGPL _cEG-CaGPL |
||
| 082 | 0 | 4 |
_221 _a155.2\ _bف س |
| 100 | 0 | _aفريد مويسى | |
| 245 | 1 | 0 |
_aسيكولوجية الذات البدنية : _bالنظريات النماذج والتطبيق / _cفريد مويسى . |
| 250 | _aط1 | ||
| 260 |
_aالقاهرة : _bمكتبة الانجلو المصرية ، _c2016 . |
||
| 300 |
_a124 ص. ؛ _c24 سم. |
||
| 504 | _aببليوجرافية : ص 111 - 124 | ||
| 650 | 0 | 7 |
_2qrmak _aالانا والذات |
| 651 | _2qrmak | ||
| 942 |
_2ddc _cBK |
||